=LDR 00000nam 2200000 4500 =001 INLIS000000000028665 =005 20130612130943 =008 ***********************************Ind** =035 ##$$0010-061300000028665 =041 ##$$a Ind =082 ##$$a 813 =090 ##$$a 813, Fit s =100 ##$$a Fitriana, Yulia =245 ##$$a Si junjung hati, Yulia Fitriana =260 ##$$a 2004 $b Jakarta =300 ##$$a 57 hlm, ilus, 21 cm =650 ##$$a Sastra Indonesia =850 ##$$a NBPNMAT =990 ##$$a 11701170 =990 ##$$a 1202301170